[Event "ROM-ch U08"]
[Site "Calimanesti Caciulata"]
[Date "2019.04.21"]
[Round "8"]
[White "Minescu, Leon"]
[Black "Badea, Andrei Mihai"]
[Result "0-1"]
[WhiteElo "1001"]
[BlackElo "1054"]
[PlyCount "92"]
[EventDate "2019.04.15"]
[EventType "swiss"]
[EventRounds "9"]
[EventCountry "ROU"]
[SourceTitle "CBM 190 Extra"]
[Source "ChessBase"]
[SourceDate "2019.07.15"]
[SourceVersion "1"]
[SourceVersionDate "2019.07.15"]
[SourceQuality "1"]

1. e4 c5 2. Nf3 e6 3. d4 cxd4 4. Nxd4 a6 5. Nc3 b5 6. a3 d6 7. Be2 Bb7 8. Be3 Nf6 9. 0-0 Be7 10. Qd3 0-0 11. Rad1 Nbd7 12. f4 Qc7 13. f5 e5 14. Nf3 Nc5 15. Bxc5 Qxc5+ 16. Kh1 Ng4 17. Qd2 Nf2+ 18. Rxf2 Qxf2 19. Nd5 Bxd5 20. Qxd5 Qe3 21. Bd3 Qc5 22. Qb7 Bf6 23. b4 Qc8 24. Qd5 Qc3 25. Qxd6 Qxa3 26. h3 Rfd8 27. Qc5 Rac8 28. Qb6 Qxb4 29. Qxa6 h6 30. Bxb5 Ra8 31. Qc6 Rdc8 32. Qb6 Rcb8 33. Qc6 Qxb5 34. Qxb5 Rxb5 35. c4 Rb4 36. Rc1 Rc8 37. c5 Rxe4 38. Kg1 Be7 39. Nd2 Bg5 40. Nxe4 Bxc1 41. f6 Be3+ 42. Kf1 Bxc5 43. Nxc5 Rxc5 44. fxg7 Kxg7 45. Kf2 e4 46. Ke3 f5 0-1

[Event "ROM-ch U08"]
[Site "Calimanesti Caciulata"]
[Date "2019.04.17"]
[Round "4"]
[White "Minescu, Leon"]
[Black "Islai, David Andrei"]
[Result "1-0"]
[WhiteElo "1001"]
[BlackElo "1084"]
[PlyCount "135"]
[EventDate "2019.04.15"]
[EventType "swiss"]
[EventRounds "9"]
[EventCountry "ROU"]
[SourceTitle "CBM 190 Extra"]
[Source "ChessBase"]
[SourceDate "2019.07.15"]
[SourceVersion "1"]
[SourceVersionDate "2019.07.15"]
[SourceQuality "1"]

1. d4 d5 2. c4 e6 3. e3 c6 4. Bd3 Nf6 5. Nc3 dxc4 6. Bxc4 e5 7. Qb3 Be6 8. Bxe6 fxe6 9. Qxe6+ Be7 10. dxe5 Nd5 11. Nxd5 Qxd5 12. Qxd5 cxd5 13. Nf3 Nc6 14. 0-0 0-0 15. Rd1 Nb4 16. Bd2 Rad8 17. a3 Nc6 18. Kf1 d4 19. Ke2 d3+ 20. Ke1 Rd5 21. Bc3 Rf5 22. Rac1 Bg5 23. e4 Bxc1 24. exd5 d2+ 25. Bxd2 Bxd2+ 26. Rxd2 Nxe5 27. Nxe5 Rxe5+ 28. Kd1 Kf7 29. d6 Ke8 30. f4 Rf5 31. g3 g5 32. fxg5 Rxg5 33. Rf2 Rd5+ 34. Ke2 Rxd6 35. Rf5 Rg6 36. Rh5 Rb6 37. Rxh7 Rxb2+ 38. Kf3 Rb3+ 39. Kg4 Rxa3 40. Rxb7 a5 41. h4 Ra4+ 42. Kg5 Rc4 43. Rb8+ Kf7 44. h5 Rc5+ 45. Kh4 Kg7 46. g4 Kh6 47. Rh8+ Kg7 48. Ra8 Kh6 49. Ra6+ Kh7 50. g5 Rc4+ 51. Kg3 a4 52. g6+ Kh6 53. Kf2 Rc2+ 54. Ke1 Ra2 55. Kd1 a3 56. Kc1 Rh2 57. Ra5 Rxh5 58. Rxh5+ Kxh5 59. g7 a2 60. Kb2 a1Q+ 61. Kxa1 Kh4 62. g8Q Kh5 63. Kb2 Kh6 64. Kc3 Kh5 65. Kd4 Kh4 66. Ke4 Kh3 67. Kf3 Kh2 68. Qg2# 1-0